Statistics for Countries That Border Guinea

Click here to take the quiz!

General Stats

  • This quiz has been taken 36 times
  • The average score is 6 of 6

Answer Stats

Answer% Correct
Guinea Bissau
100%
Senegal
100%
Liberia
94%
Mali
94%
Sierra Leone
91%
Cote d I'vore
76%

Score Distribution

Percentile by Number Answered

Percent of People with Each Score

Your Score History

You have not taken this quiz